Paroles mimi Jul - Statistiques

Statistiques générales
  • Ce quiz a été pris 66 fois
  • Le résultat moyen est 143 sur 309
Statistiques - réponses
Hint Réponse % Correct
mimi
100%
fois 2 | fois 3 | fois 6 Elle
93%
elle
93%
que
92%
Moi
90%
moi
90%
me
88%
j'suis
85%
se
85%
à
81%
a
81%
A
81%
j'ai
81%
j'aime
80%
ses
78%
m'dit
76%
ça
71%
Ca
71%
jamais
71%
j't'aime
71%
l'infini
71%
fini
69%
le
66%
s'ra
58%
c'est
56%
guillis
56%
la
56%
un
56%
des
53%
Des
53%
et
53%
Et
53%
ma
53%
tout
51%
point
49%
avec
47%
les
47%
dans
44%
est
44%
j'la
44%
mal
44%
pas
44%
deux
41%
comme
37%
Quand
37%
quand
37%
toi
37%
fait
36%
moral
36%
on
36%
fou
34%
jours
34%
Mais
34%
mais
34%
Nous
34%
regarde
34%
si
34%
tous
34%
j't'aimes
32%
l'bien
32%
longtemps
32%
plus
32%
remonte
32%
connus
31%
J'crois
31%
p'tite
31%
son
31%
qu'elle
29%
Bilbao
27%
boire
27%
désir
27%
erreurs
27%
Même
27%
oh
27%
qu'on
27%
s'ambiancer
27%
sans
27%
s'est
27%
trop
27%
va
27%
voir
27%
y'avait
27%
y'en
27%
ah
25%
coups
25%
fous
25%
îles
25%
paraît
25%
Crois
24%
m't'ailler
24%
passe
24%
s'aime
24%
soirées
24%
voulait
24%
j'fais
22%
J'sais
22%
j'sais
22%
présent
22%
rien
22%
toujours
22%
Amore
20%
boude
20%
croit
20%
d'sousous
20%
femmes
20%
finisse
20%
J'serai
20%
finir
19%
fois
19%
garde
19%
Imagine
19%
la-haut
19%
notre
19%
penser
19%
bizarre
17%
dure
17%
heure
17%
J'attends
17%
qu'j'vais
17%
vois
17%
Après
15%
Faut
15%
finit
15%
qu'j'parle
15%
viens
15%
états
14%
nos
14%
s'parle
14%
mia
12%
peinée
12%
s'met
12%
allez
10%
go
10%
Aucun quiz correspondant
Distribution des résultats
% des personnes avec chaque résultat
Percentile par nombre de réponses
Votre historique - résultats
Vous n’avez pas pris ce quiz